[Event "Aragon-ch Seniors 65+"]
[Site "Zaragoza"]
[Date "2018.06.02"]
[Round "7"]
[White "Navales Iranzo, Manuel"]
[Black "Lasierra Arceiz, Javier"]
[Result "1-0"]
[WhiteElo "1573"]
[BlackElo "1442"]
[PlyCount "60"]
[EventDate "2018.04.21"]
[EventType "swiss"]
[EventRounds "8"]
[EventCountry "ESP"]
[SourceTitle "EXT 2020"]
[Source "ChessBase"]
[SourceDate "2019.10.17"]
[SourceVersion "1"]
[SourceVersionDate "2019.10.17"]
[SourceQuality "1"]

1. d4 d5 2. c4 e6 3. Nc3 h6 4. Nf3 Nf6 5. e3 Nc6 6. Bd3 Bd7 7. 0-0 b6 8. h3 Na5 9. Ne5 Bd6 10. Nxd7 Qxd7 11. cxd5 exd5 12. Bd2 0-0 13. Rc1 a6 14. f4 Nb7 15. Qf3 c5 16. Ne2 b5 17. Ng3 g6 18. f5 Bxg3 19. Qxg3 g5 20. h4 g4 21. Qf4 Kh7 22. e4 Ng8 23. f6 Nd8 24. e5+ Kh8 25. Bf5 Ne6 26. Qxg4 Nxf6 27. exf6 Rg8 28. Qh5 Rxg2+ 29. Kxg2 Rg8+ 30. Kf2 Ng7 1-0